00902 2200277 4500001002100000005001700021008004100038020001800079035002400097082001200121090001900133100001900152245014700171260003200318300003100350500004800381500002500429650002700454700002000481700002500501700002500526700002200551850001500573990001800588990001800606YOGYA-0209000001211420090227022209.0 ind  a979-8001-45-1 0010-020900000012114 a545.986 a545.986bGri P aGRITTER, Roy J aPengantar kromatograficRoy J. Gritter, James M Bobbitt, Arthur E. Schwarting ; penerjemah, Kosasih Padmawinata ; penyunting, Sofia Niksolihin aBandungbPenerbit ITBc1991 a10 a, 266 hlmbilusc21 cm aJudul asli : Introduction to chromatography aTermasuk bibliografi aKromatografi - Analisa aBobbitt James M aSchwarting, arthur E aPadmawinata, Kosasih aNiksolihin, Sofia aYOPDYOG(B) a38880-P/93b1 a38881-P/93b1